000 01527nam0a2200349 4500
001 RU\NLR\BIBL_A\012563842
005 20260407135217.0
035 _a(NLR Aleph) 012563842
090 _a12468963
_c12468963
100 _a20210713d1871 |||y0rusy50 ca
101 0 _arus
102 _aRU
105 _ay g 000yy
181 0 _ai
_baxxe
182 0 _an
200 1 _aСлужебное расписание поездов с 1-го декабря 1871 года
_fДинабурго-Витебская железная дорога
203 _aТекст
_bвизуальный
_cнепосредственный
210 _aRiga
_cDruck der Livländischen Gouvernements-Typographie
_d1871
215 _a25, [1] с.
_d24
300 _aЗагл также на нем. яз.: Fahrtableau vom 1. December 1871 ab.
510 1 _aFahrtableau vom 1. December 1871 ab.
_zger
517 1 _aСлужебное росписание поездов с 1-го декабря 1871 года
601 0 2 _aДвинско-Витебская железная дорога
_92461619
_3RU\NLR\AUTH\6601680159
606 1 _aЖелезнодорожный транспорт
_xРасписания
_yРоссия
_z1871
_92442134
_3RU\NLR\AUTH\6601670556
686 3 _aО280.232
710 0 2 _aДвинско-Витебская железная дорога
_3RU\NLR\AUTH\8810003766
_9504824
852 _aNLR
_j18.130.6.156
942 _cBOOK
980 _aNB